00325nam a2200133Ia 45000030006000000080041000060400015000471000017000622450041000792500011001202600031001315460012001620050017001740STCL150530s9999 xx 000 0 und d aSTCLcSTCL aHanson, J.L. aDictionary of economics and commerce aFourth bMac Donald and Evansc1975 aEnglish20220125165518.0